| 000 | 00586nam a2200169 4500 | ||
|---|---|---|---|
| 001 | 4879 | ||
| 005 | 20181127174326.0 | ||
| 090 | 0 | 0 | _aBA Pol. Sci No. 23 |
| 245 | 0 | 0 |
_aDrug abuse among youths in Bhutan / _b _cStudent Work. _h |
| 260 | 0 | 0 |
_a[Thimphu] : _b[Royal Thimphu College], _c2014. |
| 300 |
_av pages. _b _c _e |
||
| 500 | _aStudent research project for BA Pol Sic :(Spring 2014); Dolma Roder, lecturer | ||
| 500 | 0 | 0 | _aSpiral-bound xerographic copy. |
| 650 |
_aCapstone Project. _v _x _y _z _2 |
||
| 650 |
_aDrug abuse -- Surveys. _v _x _y _z _2 |
||
| 650 |
_aYouth -- Drug use -- _v _x _y _zBhutan. _2 |
||
| 999 |
_c4058 _d4058 |
||